Las once comedias
Guardat en:
| Autor principal: | |
|---|---|
| Format: | Llibre |
| Idioma: | espanyol |
| Publicat: |
Ciudad de México
Porrúa
1978
|
| Edició: | 7a. ed |
| Col·lecció: | Sepan cuántos, 67
|
| Matèries: | |
| Etiquetes: |
Afegir etiqueta
Sense etiquetes, Sigues el primer a etiquetar aquest registre!
|
MARC
| LEADER | 00000nam a2200000 a 4500 | ||
|---|---|---|---|
| 001 | UCQ4753 | ||
| 003 | CL-VaPUC | ||
| 008 | 980910e19780000MX |||||||||||||||||spa|d | ||
| 082 | 0 | 4 | |a 882 |b ARI |2 21 |
| 100 | |a Aristófanes |e autor |9 341314 | ||
| 245 | 1 | 4 | |a Las once comedias |
| 246 | 1 | 4 | |a Los Arcanios |
| 246 | 1 | 4 | |a Los Caballeros |
| 246 | 1 | 4 | |a Las nubes |
| 246 | 1 | 4 | |a Las avispas |
| 246 | 1 | 3 | |a La paz |
| 246 | 1 | 4 | |a Las aves |
| 246 | 1 | 0 | |a Lisistrata |
| 246 | 1 | 0 | |a Tesmoforias |
| 246 | 1 | 4 | |a Las ranas |
| 246 | 1 | 4 | |a Las asambleas de mujeres |
| 246 | 1 | 0 | |a Pluto |
| 250 | |a 7a. ed | ||
| 300 | |a 367 p | ||
| 942 | |c BK | ||
| 945 | |d 19980910 00:00:00 |a lriquelm | ||
| 260 | |a Ciudad de México |b Porrúa |c 1978 | ||
| 650 | 7 | |a TEATRO GRIEGO |2 CL-VaPUC |9 418952 | |
| 650 | 0 | |a Comedias griegas |9 265641 | |
| 583 | |a last modification |c 19980910 00:00:00 |k Rodrigo Vera | ||
| 490 | 0 | |a Sepan cuántos, 67 | |
| 999 | |c 275055 |d 275053 | ||
| 952 | |0 0 |1 0 |4 0 |6 882_000000000000000_ARI_1978 |7 0 |8 A |9 311581 |a BIBEDU |b BIBEDU |d 2019-11-20 |i 2638312 |l 1 |o 882 ARI 1978 |p 2638312 |r 2024-06-11 |s 2024-06-07 |w 2019-11-20 |y BK |k LIT | ||
| 952 | |0 0 |1 0 |4 0 |6 882_000000000000000_ARI_1978 |7 0 |8 A |9 311582 |a BIBEDU |b BIBEDU |d 2019-11-20 |i 2638320 |o 882 ARI 1978 |p 2638320 |r 2019-11-20 |w 2019-11-20 |y BK |k LIT | ||
| 952 | |0 0 |1 0 |4 0 |6 882_000000000000000_ARI_1978 |7 0 |8 A |9 311583 |a BIBEDU |b BIBEDU |d 2019-11-20 |i 2638304 |l 2 |o 882 ARI 1978 |p 2638304 |r 2025-04-22 |s 2025-04-15 |w 2019-11-20 |y BK |k LIT | ||